[Event "ISR-chT"]
[Site "?"]
[Date "2002.03.09"]
[Round "6"]
[White "Kaminik Aleksandar"]
[Black "Postny Evgeny"]
[Result "0-1"]
[WhiteElo "2232"]
[BlackElo "2491"]
[PlyCount "114"]
[EventDate "2002.??.??"]
[Source "www.chesslib.no"]
[SourceDate "2004.05.04"]

1. d4 Nf6 2. c4 e6 3. Nc3 Bb4 4. a3 Bxc3+ 5. bxc3 c5 6. e3 Nc6 7. Bd3 e5 8. Ne2 d6 9. e4 h6 10. dxc5 dxc5 11. O-O O-O 12. Ng3 Be6 13. Qe2 Na5 14. Rd1 Qd7 15. a4 Rfd8 16. Ba3 b6 17. Nf1 Qc6 18. Ne3 Ne8 19. Nd5 Qb7 20. Rab1 Rac8 21. Bc1 Nd6 22. f4 f6 23. f5 Bf7 24. g4 Qd7 25. h4 Bxd5 26. cxd5 Kf7 27. g5 hxg5 28. Qh5+ Ke7 29. hxg5 Qxa4 30. Re1 Rh8 31. Qg6 Rcg8 32. Rb2 Qe8 33. Rg2 Qxg6 34. fxg6 Rh4 35. Rf1 Nxe4 36. Bxe4 Rxe4 37. gxf6+ gxf6 38. d6+ Ke6 39. Rd1 Nb7 40. d7 Rh4 41. Be3 Nd8 42. Ra1 Nc6 43. g7 Rh7 44. d8=Q Nxd8 45. Rxa7 Nf7 46. Rb7 Rhxg7 47. Rxb6+ Kd5 48. Rxg7 Rxg7+ 49. Kf2 Nd6 50. Kf3 f5 51. Bh6 Rb7 52. Ra6 Rb3 53. Bd2 Ne4 54. Be1 Nxc3 55. Kg2 Nb5 56. Bh4 Nd4 57. Be7 c4 0-1

[Event "Csopak"]
[Site "?"]
[Date "1987.??.??"]
[Round "?"]
[White "Karsa, L."]
[Black "Lovass, I."]
[Result "1/2-1/2"]
[WhiteElo "2435"]
[BlackElo "2280"]
[PlyCount "33"]
[EventDate "1987.??.??"]
[Source "ChessBase"]
[SourceDate "1987.07.01"]

1. d4 Nf6 2. c4 e6 3. Nc3 Bb4 4. e3 c5 5. a3 Bxc3+ 6. bxc3 b6 7. Ne2 Ba6 8. Ng3 Qc7 9. d5 exd5 10. cxd5 Bxf1 11. d6 Qc6 12. Kxf1 Ne4 13. Qg4 Nxg3+ 14. hxg3 Qxd6 15. Bb2 Nc6 16. Qxg7 O-O-O 17. c4 1/2-1/2

[Event "Athens schev women"]
[Site "Athens GRE"]
[Date "1992.??.??"]
[Round "9"]
[White "Maric, Alisa"]
[Black "Botsari-Miladinovic, Anna-Maria"]
[Result "1-0"]
[WhiteElo "2400"]
[BlackElo "2305"]
[PlyCount "69"]
[EventDate "1992.??.??"]
[Source "www.chesslib.no"]
[SourceDate "2004.05.04"]

1. d4 Nf6 2. c4 e6 3. Nc3 Bb4 4. e3 c5 5. Bd3 Nc6 6. a3 Bxc3+ 7. bxc3 b6 8. e4 O-O 9. Nf3 Ne8 10. O-O Ba6 11. e5 f5 12. exf6 Nxf6 13. Bg5 Na5 14. Qc2 h6 15. Bxf6 Rxf6 16. Ne5 d6 17. Ng4 Rf4 18. Qe2 Qg5 19. Qxe6+ Kh8 20. Ne3 cxd4 21. Nd5 Rg4 22. f4 Rxg2+ 23. Kh1 Qh5 24. Kxg2 Nxc4 25. Qe4 Kg8 26. Nf6+ gxf6 27. Qxa8+ Kg7 28. Qxa7+ Kf8 29. Qb8+ Kg7 30. Qc7+ Kf8 31. Qd8+ Kg7 32. Qe7+ Kg8 33. Rg1 Ne3+ 34. Kf2+ Ng4+ 35. Rxg4+ 1-0

[Event "BCF Ch"]
[Site "Portsmouth"]
[Date "1976.08.14"]
[Round "6"]
[White "Neat, Kenneth P"]
[Black "Botterill, George S"]
[Result "1/2-1/2"]
[WhiteElo "2315"]
[BlackElo "2390"]
[PlyCount "95"]
[EventDate "1976.08.09"]
[Source "www.chesslib.no"]
[SourceDate "2004.05.04"]

1. d4 Nf6 2. c4 e6 3. Nc3 Bb4 4. a3 Bxc3+ 5. bxc3 c5 6. e3 d6 7. Bd3 Nc6 8. Ne2 b6 9. O-O O-O 10. Ng3 Ba6 11. Bb2 Na5 12. Qe2 Rc8 13. Rac1 Qd7 14. e4 Qa4 15. e5 Ne8 16. Qe4 g6 17. Rce1 Bxc4 18. Bxc4 Qxc4 19. exd6 Nxd6 20. Qf4 Rcd8 21. h4 f6 22. h5 g5 23. Qg4 Rde8 24. f4 cxd4 25. cxd4 Qd5 26. h6 Nac4 27. Re5 Nxe5 28. dxe5 Nf5 29. Nxf5 exf5 30. Qxf5 Qe6 31. Qxe6+ Rxe6 32. exf6 Re2 33. Bd4 Re4 34. Be5 gxf4 35. Bxf4 Rxf6 36. g3 Rc6 37. Kg2 Re2+ 38. Kh3 Ra2 39. Rd1 Rxa3 40. Rd8+ Kf7 41. Rd7+ Kg6 42. Rg7+ Kf5 43. Rxh7 Ra1 44. Rf7+ Rf6 45. Rg7 Rxh6+ 46. Bxh6 Rh1+ 47. Kg2 Rxh6 48. Rxa7 1/2-1/2

[Event "Grand Hotel Bali - Open magistrale"]
[Site "Benidorm SPA"]
[Date "2007.12.06"]
[Round "1.4"]
[White "Moskalenko, Viktor"]
[Black "Escobar Torres, Antonio"]
[Result "1-0"]
[WhiteElo "2575"]
[BlackElo "2130"]
[PlyCount "149"]
[EventDate "2007.12.06"]
[Source "www.chesslib.no"]
[SourceDate "2004.05.04"]

1. d4 e6 2. c4 Nf6 3. Nc3 Bb4 4. a3 Bxc3+ 5. bxc3 c5 6. e3 Nc6 7. Bd3 d6 8. Ne2 Na5 9. e4 Qc7 10. O-O b6 11. f4 Ba6 12. f5 e5 13. Bg5 Nd7 14. f6 g6 15. d5 O-O-O 16. Bh6 Qb7 17. Qa4 Nb8 18. Rab1 Qd7 19. Rb5 Bxb5 20. cxb5 c4 21. Bxc4 Qc7 22. Bd3 Qc5+ 23. Kh1 Kb7 24. Rf3 Rc8 25. Be3 Qc7 26. Qd1 Nd7 27. Bh6 Nc4 28. Qc1 Qc5 29. a4 Qa3 30. Qc2 Qc5 31. Qa2 Na5 32. Rf1 Qc7 33. h3 Nc5 34. Bc2 Kb8 35. Rf3 Nd7 36. Bd3 Nc5 37. Bc2 Ncb7 38. Qb1 Qc4 39. Qd1 Nc5 40. Ng3 Rc7 41. Nf1 Rhc8 42. Qb1 Nxa4 43. Nd2 Nxc3 44. Nxc4 Nxb1 45. Nxa5 bxa5 46. Bxb1 Rc1+ 47. Bxc1 Rxc1+ 48. Kh2 Rxb1 49. Kg3 Rxb5 50. Kg4 h6 51. Ra3 Kb7 52. Kf3 Kb6 53. h4 h5 54. g4 hxg4+ 55. Kxg4 Rb4 56. Kg5 Rxe4 57. Kh6 Rxh4+ 58. Kg7 Rf4 59. Kxf7 g5 60. Ke7 Kc5 61. Rxa5+ Kb6 62. Ra1 Kc5 63. Rd1 g4 64. f7 e4 65. f8=Q Rxf8 66. Kxf8 g3 67. Ke7 g2 68. Ke6 a5 69. Rc1+ Kd4 70. Kxd6 Ke3 71. Ke5 Kf3 72. d6 e3 73. d7 Kf2 74. d8=Q g1=Q 75. Qf6+ 1-0

[Event "Copa Itau de Xadrez"]
[Site "?"]
[Date "2003.09.29"]
[Round "3"]
[White "Santos Marcus Vinicius M"]
[Black "Rosito Jorge"]
[Result "0-1"]
[WhiteElo "2275"]
[BlackElo "2426"]
[PlyCount "108"]
[EventDate "2003.??.??"]
[Source "www.chesslib.no"]
[SourceDate "2004.05.04"]

1. d4 Nf6 2. c4 e6 3. Nc3 Bb4 4. e3 c5 5. a3 Bxc3+ 6. bxc3 b6 7. Bd3 Bb7 8. f3 d5 9. cxd5 exd5 10. Ne2 O-O 11. O-O Re8 12. g4 Ba6 13. Bb1 Nc6 14. Rf2 Na5 15. Ng3 Rc8 16. Bf5 Rc7 17. g5 Nd7 18. e4 cxd4 19. cxd4 Nf8 20. Bf4 Rc4 21. exd5 Qxd5 22. Rd2 Ne6 23. Be3 Rc3 24. Be4 Qb3 25. d5 Rxe3 26. dxe6 Qxe6 27. Nf5 Rxe4 28. fxe4 Nb3 29. Nd4 Nxd4 30. Rxd4 Qe5 31. Qd2 h6 32. gxh6 gxh6 33. Re1 Re6 34. Re3 Rf6 35. Rg3+ Kh7 36. Kg2 Bb7 37. Qd3 Rf4 38. Rf3 Rxf3 39. Kxf3 Qxh2 40. Rd7 Qh5+ 41. Kf2 Qh2+ 42. Kf3 Qh1+ 43. Kf4 Qh4+ 44. Kf3 Qh5+ 45. Kf4 Qh4+ 46. Kf3 Qh5+ 47. Kf2 Qc5+ 48. Kg2 Qg5+ 49. Kf2 Qf5+ 50. Ke3 Qg5+ 51. Kf3 Qh5+ 52. Kf4 Bc6 53. e5+ Kg7 54. Qg3+ Qg5+ 0-1

[Event "Balatonlelle HUN"]
[Site "?"]
[Date "2006.06.24"]
[Round "8.16"]
[White "Berczes David"]
[Black "Kincs Imre"]
[Result "1-0"]
[WhiteElo "2450"]
[BlackElo "2247"]
[PlyCount "81"]
[EventDate "2006.??.??"]
[Source "www.chesslib.no"]
[SourceDate "2004.05.04"]

1. d4 Nf6 2. c4 e6 3. Nc3 Bb4 4. a3 Bxc3+ 5. bxc3 c5 6. e3 d6 7. Bd3 e5 8. e4 Nc6 9. Ne2 h6 10. O-O g5 11. Bc2 Na5 12. f4 gxf4 13. Nxf4 exf4 14. Bxf4 Bg4 15. Ba4+ Kf8 16. Qd2 Nxe4 17. Qe3 f5 18. h3 Nxc4 19. Bxh6+ Kg8 20. Bb3 b5 21. hxg4 cxd4 22. cxd4 Qh4 23. g5 Rf8 24. Rf4 Qh5 25. g4 Qh4 26. gxf5 Qg3+ 27. Qxg3 Nxg3 28. Kg2 Ne2 29. Re4 Nc3 30. Re7 Rxh6 31. gxh6 Rxf5 32. Bxc4+ bxc4 33. Rc1 Nd5 34. Rg7+ Kh8 35. Rb1 Nf4+ 36. Kf3 Ne6+ 37. Kg4 Rf4+ 38. Kg3 Rf8 39. Rd7 Nxd4 40. Kg4 Nf5 41. Kg5 1-0

[Event "Budapest HUN"]
[Site "?"]
[Date "2003.03.18"]
[Round "5"]
[White "Dobos Jozsef"]
[Black "Galyas Miklos"]
[Result "1/2-1/2"]
[WhiteElo "2283"]
[BlackElo "2413"]
[PlyCount "94"]
[EventDate "2003.??.??"]
[Source "www.chesslib.no"]
[SourceDate "2004.05.04"]

1. d4 Nf6 2. c4 e6 3. Nc3 Bb4 4. e3 c5 5. a3 Bxc3+ 6. bxc3 d5 7. cxd5 Nxd5 8. Bd2 O-O 9. e4 Nf6 10. e5 Ne4 11. Bd3 Nxd2 12. Qxd2 Bd7 13. Nf3 Bc6 14. Be2 Qa5 15. O-O cxd4 16. Qxd4 Nd7 17. Rfe1 Rad8 18. Qc4 Qc7 19. Qf4 Bxf3 20. Bxf3 Nc5 21. Qc4 b6 22. Re3 Rd7 23. Be2 Rd5 24. f4 Qd7 25. Rf1 Rd2 26. f5 exf5 27. Qf4 Ne4 28. e6 Qxe6 29. Rxe4 Qa2 30. Bc4 Rxg2+ 31. Kh1 Rxh2+ 32. Qxh2 Qxh2+ 33. Kxh2 fxe4 34. Rf4 g6 35. Rxe4 Rc8 36. Kg2 Kg7 37. Kf2 h5 38. Ke2 Rc7 39. Kd3 g5 40. a4 Kg6 41. a5 h4 42. Re8 bxa5 43. Bd5 f5 44. Kd4 g4 45. Ke5 Rxc3 46. Rg8+ Kh7 47. Kxf5 Rc5 1/2-1/2

[Event "Saint John op-2"]
[Site "Saint John"]
[Date "1988.??.??"]
[Round "?"]
[White "Thorsteins, Karl"]
[Black "Boyd, Stephen"]
[Result "1-0"]
[WhiteElo "2445"]
[BlackElo "2250"]
[PlyCount "81"]
[EventDate "1988.01.??"]
[Source "ChessBase"]

1. d4 Nf6 2. c4 e6 3. Nc3 Bb4 4. e3 c5 5. a3 Bxc3+ 6. bxc3 d6 7. Bd3 Nc6 8. Ne2 e5 9. O-O e4 10. Bb1 O-O 11. Ng3 Re8 12. f3 exf3 13. Qxf3 Be6 14. Bd3 Qa5 15. Nh5 Qxc3 16. Nxg7 Qxd3 17. Qxf6 Bxc4 18. Bd2 Qg6 19. Nxe8 Rxe8 20. Rf3 Qxf6 21. Rxf6 Re6 22. Rxe6 fxe6 23. dxc5 dxc5 24. Kf2 Bd5 25. Kg3 e5 26. Rf1 Kg7 27. Bc3 Be4 28. Rd1 Kf6 29. Rd6+ Kf5 30. h4 b5 31. Rh6 b4 32. Bb2 a5 33. Kh3 Bd5 34. Rxh7 c4 35. h5 c3 36. Ba1 Ke4 37. h6 Kxe3 38. Rc7 Kd3 39. Rxc6 Bxc6 40. h7 Kd2 41. h8=Q 1-0

[Event "Wuerzburg op"]
[Site "Wuerzburg"]
[Date "1996.??.??"]
[Round "4.7"]
[White "Kluss, Kai"]
[Black "Ruzele, Darius"]
[Result "0-1"]
[WhiteElo "2230"]
[BlackElo "2465"]
[PlyCount "80"]
[EventDate "1996.??.??"]
[Source "www.chesslib.no"]
[SourceDate "2004.05.04"]

1. d4 Nf6 2. c4 e6 3. Nc3 Bb4 4. e3 c5 5. a3 Bxc3+ 6. bxc3 d6 7. Bd3 e5 8. Ne2 O-O 9. O-O e4 10. Bb1 Be6 11. d5 Bf5 12. Ng3 Bg6 13. f4 exf3 14. gxf3 Bxb1 15. Rxb1 Nbd7 16. e4 Qc7 17. Bg5 Kh8 18. Kh1 Ng8 19. Nf5 Ne5 20. Qe2 f6 21. Bh4 Ne7 22. Nxe7 Qxe7 23. Bg3 Ng6 24. Rfe1 Rae8 25. Qd3 Ne5 26. Qf1 g5 27. Bxe5 fxe5 28. Qh3 Rf4 29. Rg1 b6 30. Rg3 Qf7 31. Rxg5 Rxf3 32. Qg2 Rf2 33. Qg3 Rf1+ 34. Rxf1 Qxf1+ 35. Qg1 Qe2 36. Qg2 Qe1+ 37. Qg1 Qxe4+ 38. Qg2 Qxg2+ 39. Rxg2 Rf8 40. Rg4 Rf3 0-1

[Event "Paris Ch"]
[Site "Paris FRA"]
[Date "1993.??.??"]
[Round "6"]
[White "Tourneur, Jean Francois"]
[Black "Solozhenkin, Evgeniy"]
[Result "0-1"]
[WhiteElo "2210"]
[BlackElo "2480"]
[PlyCount "54"]
[EventDate "1993.04.??"]
[Source "www.chesslib.no"]
[SourceDate "2004.05.04"]

1. d4 Nf6 2. c4 e6 3. Nc3 Bb4 4. a3 Bxc3+ 5. bxc3 c5 6. e3 Nc6 7. Bd3 d6 8. Ne2 e5 9. O-O h6 10. Ng3 O-O 11. d5 Ne7 12. f4 exf4 13. exf4 b5 14. f5 bxc4 15. Bxc4 Kh8 16. Ra2 Qa5 17. Re2 Neg8 18. Ba2 Bd7 19. Ne4 Nxe4 20. Rxe4 Qxc3 21. Rh4 Bb5 22. Rf3 Qf6 23. Rhf4 Rfe8 24. Rf2 Qe5 25. Bd2 Nf6 26. Qc1 Ne4 27. f6 Nxd2 0-1

[Event "Alicante ESP"]
[Site "?"]
[Date "2000.??.??"]
[Round "2"]
[White "Moskalenko Viktor"]
[Black "Bevia Luis Martinez"]
[Result "1-0"]
[WhiteElo "2508"]
[BlackElo "2173"]
[PlyCount "61"]
[EventDate "2000.??.??"]
[Source "www.chesslib.no"]
[SourceDate "2004.05.04"]

1. d4 Nf6 2. c4 e6 3. Nc3 Bb4 4. e3 c5 5. a3 Bxc3+ 6. bxc3 d6 7. Bd3 Nc6 8. Ne2 e5 9. d5 e4 10. Bb1 Ne5 11. Ng3 Qa5 12. Qb3 Bd7 13. a4 Qa6 14. Nxe4 Nxe4 15. Bxe4 Qxc4 16. Qxc4 Nxc4 17. Bd3 Nb6 18. e4 Nxa4 19. Bf4 Ke7 20. Kd2 f6 21. Rhb1 Rhb8 22. c4 a6 23. Rxa4 Bxa4 24. Rb6 Rd8 25. Rxb7+ Rd7 26. Rb6 Rdd8 27. e5 dxe5 28. Be3 Rdc8 29. Bf5 Rab8 30. Rxa6 Ra8 31. Bxc8 1-0

[Event "JUG Team Ch FL"]
[Site "Arandjelovac"]
[Date "1990.??.??"]
[Round "6"]
[White "Pavlovic, Slobodan"]
[Black "Govedarica, Radovan"]
[Result "0-1"]
[WhiteElo "2250"]
[BlackElo "2430"]
[PlyCount "60"]
[EventDate "1990.??.??"]
[Source "www.chesslib.no"]
[SourceDate "2004.05.04"]

1. d4 Nf6 2. c4 e6 3. Nc3 Bb4 4. a3 Bxc3+ 5. bxc3 c5 6. e3 Nc6 7. Bd3 d6 8. Ne2 e5 9. d5 Ne7 10. f4 e4 11. Bb1 Nf5 12. h3 h5 13. g3 Bd7 14. Qb3 Qc7 15. Bd2 O-O-O 16. Bc2 Kb8 17. O-O-O a6 18. Kb1 Ka7 19. Ka2 Rb8 20. Qb1 Rhe8 21. g4 hxg4 22. hxg4 Nxg4 23. Bxe4 Nfxe3 24. Bxe3 Nxe3 25. Rdg1 Qa5 26. Bd3 Bf5 27. Bxf5 Nxc4 28. Qc2 Nxa3 29. Qd1 Nc4+ 30. Kb3 Qb5+ 0-1

[Event "Novgorod op"]
[Site "Novgorod"]
[Date "1999.03.20"]
[Round "2"]
[White "Feoktistov, Alexey A"]
[Black "Ovod, Evgenija"]
[Result "1-0"]
[WhiteElo "2390"]
[BlackElo "2290"]
[PlyCount "80"]
[EventDate "1999.03.19"]
[Source "ChessBase"]
[SourceDate "1999.05.10"]

1. d4 Nf6 2. c4 e6 3. Nc3 Bb4 4. a3 Bxc3+ 5. bxc3 c5 6. e3 d6 7. Nf3 Nc6 8. Be2 e5 9. O-O O-O 10. Ne1 b6 11. Nd3 Ba6 12. Qa4 Na5 13. dxe5 Ne4 14. Bf3 Bxc4 15. Bxe4 d5 16. Bxh7+ Kxh7 17. Qc2 g6 18. Re1 Qh4 19. Nf4 Rae8 20. e6 f5 21. g3 Qf6 22. Bb2 g5 23. Nh3 Rxe6 24. f4 g4 25. Ng5+ Kg6 26. h3 gxh3 27. Nxe6 Qxe6 28. g4 Kg7 29. gxf5 Rxf5 30. Kh2 Kf6 31. Qf2 Rh5 32. Qf3 Qf7 33. Rg1 Qh7 34. Rae1 Qc2+ 35. Kh1 Bd3 36. c4+ Ke7 37. Rg7+ Kf8 38. Qxh5 Be4+ 39. Kg1 h2+ 40. Qxh2 Qxc4 1-0